000 00542nam a2200181Ia 4500
003 OSt
005 20260106150607.0
008 210210b1957 xxu||||| |||| 00| 0 eng d
040 _cAL
041 _aKannada
082 _a859/1472
100 _aRAJAGOPALACHARYA (C)
_9155678
_dರಾಜಗೋಪಾಲಾಚಾರ್ಯ (ಸಿ)
245 _aKalpaneya kadu:
_bಕಲ್ಪನೆಯ ಕಾಡು
260 _aBengaluru
_bSatyashodhana Prakatana Mandira
_c1957
690 _aKannada Fiction
_9155679
906 _a022204
942 _2ddc
_cBK
999 _c146332
_d146332